000 00673nam a2200229 a 4500
001 BRCA_4071
005 20190320204533.0
008 160210s1937----nyua######---#000-0#eng-#
041 _aeng
044 _anyu
050 4 _aNK2529
_b.M66 1937
100 1 _aMoore Hudson, N.
_910546
245 1 0 _aThe Old Clock Book
_cby N. Hudson Moore.
260 _aNueva York
_bTudor Publishing Company
_c1937
300 _a339 p.
_bil.
_c21 cm.
500 _aCEF31.
650 1 4 _aMobiliario
_eObras maestras
_vHistoria
_910547
650 1 4 _aReloj
_eObras maestras
_vHistoria
_910548
650 1 4 _aDecoración y ornamentación
_ySiglo XVII-XVIII
_910549
902 _aGFM
942 _2lcc
_cB
999 _c3793
_d3793